00608nam a22001217a 4500082001200000100007900012245012600091260008400217300001300301500003800314536005400352650008000406 aRP.0368 aPathania, AnitauShanti Alya, Institute of Education and Training.vShimla aImpact of Mid-day Meal Scheme on Enrollment, Retention and Attendance in the State of Himachal Pradesh/ cAnita Pathania. aSummer Hill, Shimla :bShanti Alya, Institute of Education and Training,c2017. aix,147p. aIncluded Graphs and Illustrations aIndian Council of Social Science Research (ICSSR) aMid-day MealvSocial Welfare SchemexEducationxSociologyzHimachal Pradesh